000 00815cam a2200229 i 4500
005 20251108174927.0
008 250721s2009 ua gr 000 0 ara d
020 _a9789774553468
041 1 _aara
_heng
082 1 4 _a154.634
_bج ا س
100 1 _aجاسكولكا، آنا
_eمؤلف.
245 1 0 _aفلسفة الأحلام عند المراهقين /
_cآنا جاسكولكا ؛ ترجمة قسم الترجمة بدار الفاروق.
250 _aالطبعة الأولى.
264 1 _aالقاهرة :
_bدار الفاروق،
_c2009.
300 _a227 صفحة.
650 1 7 _aالاحلام.
650 1 7 _aالمراهقون.
650 1 7 _aالفلسفة.
710 2 _aدار الفاروق.
_bقسم الترجمة
_eمترجم.
942 _2ddc
_cBK
999 _c121743
_d121743